01314cam a22002654a 450000500170000000800410001702000360005804000290009404100080012304200080013104400080013908200170014710000260016424501580019026000470034830001160039550400730051165000470058465000350063170000300066694200150069699900150071195201610072695201610088720151107095103.0030403s2004 nyuab b 001 0 eng  a0801441412 (cloth : alk. paper) aDLCcDLCdDLCdCo-BoIAVH aeng apcc aenk00a597.96bC18v1 aCampbell, Jonathan A.14aThe venomous reptiles of the Western Hemisphere /cby Jonathan A. Campbell and William W. Lamar, with contributions by Edmund D. Brodie III ... [et al.]. aIthaca :bComstock Pub. Associates,c2004. a2 volúmenes, (xviii, 870 p., 28 p.) :balgunas ilustraciones a color, algunos mapas a colorc32 centímetros aIncluye referencias bibliográficas (v. 2, p. 775-870) e índices. 0aSerpientes venenosaszHemisferio Oriental. 0aReptileszHemisferio Oriental.1 aLamar, William W.,d1950- 2ddccLIBRO c4984d4984 00102ddc40708GENERALIINV2017aBogotabBogotad2005-12-20eAmazonl0oLB-597.96 C18vp022644r2012-12-04 00:00:00tV. 1 Ej. 1w2012-12-04xComprayLIBRO 00102ddc40708GENERALIINV2017aBogotabBogotad2005-12-20eAmazonl0oLB-597.96 C18vp022645r2013-01-10 00:00:00tV. 2 Ej. 1w2012-12-04xComprayLIBRO